Cycling Grand Tours 2024 - Statistics

General Stats
  • This quiz has been taken 147 times
  • The average score is 29 of 63
Answer Stats
Giro d'Italia Answer % Correct
Santuario di Oropa Tadej Pogačar
82%
Col de la Couillole Tadej Pogačar
81%
Rimini Romain Bardet
80%
Nice Tadej Pogačar
79%
Isola 2000 Tadej Pogačar
78%
Torino Jhonatan Narvaez
76%
Valloire Tadej Pogačar
71%
Plateau de Beille Tadej Pogačar
70%
Torino Biniam Girmay
69%
Pla d'Adet Tadej Pogačar
69%
Le Lioran Jonas Vingegaard
65%
Bassano del Grappa Tadej Pogačar
64%
Colombey-les-Deux-Églises Biniam Girmay
63%
Pau Jasper Philipsen
62%
Andora Jonathan Milan
61%
Villeneuve-sur-Lot Biniam Girmay
60%
Nîmes Jasper Philipsen
60%
Livigno Tadej Pogačar
60%
Santa Cristina Valgardena Tadej Pogačar
59%
Bologna Kevin Vauquelin
57%
Saint Amand Montrond Jasper Philipsen
56%
Gevrey-Chambertin Remco Evenepoel
55%
Prati di Tivo Tadej Pogačar
55%
Fossano Tim Merlier
55%
Saint Vulbas Mark Cavendish
52%
Perugia Tadej Pogačar
51%
Roma Tim Merlier
51%
Superdévoluy Richard Carapaz
50%
Dijon Dylan Groenewegen
49%
Troyes Anthony Turgis
47%
Castelo Branco Wout van Aert
47%
Pico Villuercas Primož Roglič
46%
Ourém Kaden Groves
45%
Alto de Moncalvillo Primož Roglič
45%
Yunquera Ben O'Connor
44%
Barcelonnette Victor Campenaerts
43%
Córdoba Wout van Aert
39%
Francavilla al Mare Jonathan Milan
38%
Lisboa Brandon McNulty
36%
Cento Jonathan Milan
36%
Padova Tim Merlier
33%
Napoli Olav Kooij
32%
Baiano Wout van Aert
32%
Cazorla Primož Roglič
31%
Desenzano del Garda Filippo Ganna
30%
Santander Kaden Groves
30%
Sevilla Pavel Bittner
30%
Passo del Brocon Georg Steinhauser
29%
Cuitu Negru Pablo Castrillo
29%
Madrid Stefan Küng
29%
Estación de montaña de Manzaneda Pablo Castrillo
27%
Villablino Kaden Groves
26%
Picón Blanco Eddie Dunbar
25%
Granada Adam Yates
24%
Fano Julian Alaphilippe
24%
Lucca Benjamin Thomas
20%
Lagos de Covadonga Marc Soler
18%
Bocca della Selva Valentin Paret Peintre
18%
Rapolano Terme Pelayo Sanchez
17%
Campus Tecnológico Cortizo Eddie Dunbar
14%
Maeztu-Parque Naturel de Izki Urka Berrade
13%
Sappada Andrea Vendrame
12%
Puerto de Ancares Michael Woods
9%
No matching quizzes found
Score Distribution
Percent of People with Each Score
Percentile by Number Answered
Your Score History
You have not taken this quiz